Learning Resource and Development

Journal of hospice and palliative nursing. (Record no. 31183)

MARC details
000 -LEADER
fixed length control field 01214cas a2200337 i 4500
001 - CONTROL NUMBER
control field 12497538
003 - CONTROL NUMBER IDENTIFIER
control field CSPC
005 - DATE AND TIME OF LATEST TRANSACTION
control field 20251211110837.0
008 - FIXED-LENGTH DATA ELEMENTS--GENERAL INFORMATION
fixed length control field 251211c2018 mdubr p 0 a0eng c
022 0# - INTERNATIONAL STANDARD SERIAL NUMBER
International Standard Serial Number 1522-2179
040 ## - CATALOGING SOURCE
Original cataloging agency CSPC
Language of cataloging eng
Transcribing agency CSPC
Modifying agency rda
245 00 - TITLE STATEMENT
Title Journal of hospice and palliative nursing.
264 #1 - PRODUCTION, PUBLICATION, DISTRIBUTION, MANUFACTURE, AND COPYRIGHT NOTICE
Place of production, publication, distribution, manufacture Hagerstown, Maryland :
Name of producer, publisher, distributor, manufacturer Wolters Kluwer ;
Date of production, publication, distribution, manufacture, or copyright notice 2019.
300 ## - PHYSICAL DESCRIPTION
Extent volumes :
Other physical details Illustrations ;
Dimensions 27 cm.
336 ## - CONTENT TYPE
Content type term text
Content type code txt
Source rdacontent
337 ## - MEDIA TYPE
Media type term unmediated
Media type code n
Source rdamedia
338 ## - CARRIER TYPE
Carrier type term volume
Carrier type code nc
Source rdacarrier
362 ## - DATES OF PUBLICATION AND/OR SEQUENTIAL DESIGNATION
Dates of publication and/or sequential designation Volume 21, Number 1
504 ## - BIBLIOGRAPHY, ETC. NOTE
Bibliography, etc. note Includes bibliographical references.
521 ## - TARGET AUDIENCE NOTE
Target audience note College of Health and Sciences CHS
650 #0 - SUBJECT ADDED ENTRY--TOPICAL TERM
Topical term or geographic name entry element Hospice care
Form subdivision Periodicals.
650 #0 - SUBJECT ADDED ENTRY--TOPICAL TERM
Topical term or geographic name entry element Palliative treatment
Form subdivision Periodicals.
650 #7 - SUBJECT ADDED ENTRY--TOPICAL TERM
Topical term or geographic name entry element Hospice care.
Source of heading or term fast
Authority record control number or standard number (OCoLC)fst00960872
650 #7 - SUBJECT ADDED ENTRY--TOPICAL TERM
Topical term or geographic name entry element Nursing.
Source of heading or term fast
Authority record control number or standard number (OCoLC)fst01041731
650 #7 - SUBJECT ADDED ENTRY--TOPICAL TERM
Topical term or geographic name entry element Palliative treatment.
Source of heading or term fast
Authority record control number or standard number (OCoLC)fst01051719
650 12 - SUBJECT ADDED ENTRY--TOPICAL TERM
Topical term or geographic name entry element Hospice Care.
655 #2 - INDEX TERM--GENRE/FORM
Genre/form data or focus term Nurses Instruction.
700 1# - ADDED ENTRY--PERSONAL NAME
Personal name Ferrell, Betty Rolling.,
Relator term editor.
942 ## - ADDED ENTRY ELEMENTS (KOHA)
Source of classification or shelving scheme Dewey Decimal Classification
Koha item type Serials
Suppress in OPAC No
Classification part 610
Item part J826
Call number prefix SER
Call number suffix 2019
Holdings
Withdrawn status Lost status Source of classification or shelving scheme Damaged status Not for loan Home library Current library Shelving location Date acquired Serial Enumeration / chronology Total Checkouts Full call number Barcode Date last seen Copy number Price effective from Koha item type Public note
    Dewey Decimal Classification   Not For Loan Main Library Main Library Serials 11/25/2025 February 2019 Volume 21 Number 1   Ser NUR 10 v.21 n.1 2019 01305S 12/11/2025 1-1 12/11/2025 Serials Journal